00510nam a22001577a 4500020001800000040000900018082001500027100002700042245004000069250001600109260004300125650004800168942001200216999001900228952010500247 a9788177584141 cNust a686.2bLAM aLeslie Lamport9124672 aA Document Preparation system LATEX a2nd Edition aNew Delhi:bDorling Kindersley,c2006. aA Document Preparation system LATEX9124673 2ddccBK c610479d610479 00102ddc4070aCEMEbCEMEcGENd2024-07-21l0o686.2 LAMpCEME- 43117r2024-07-21w2024-07-21yBK